00263nam a2200109 a 4500008004100000050001500041100001600056245002500072260003100097300001600128350000900144120416s1972 ||||||||||||||||| || u aHT 151 Bor aBor, Walter14aThe making of cities aLondonbLeonard Hillc1972 axiii, 256p. a0.00